Quizzes
Events
Quiz Creation
Community
Videos
Private Events
Remove Ads
Sign In
Join for FREE
Feedback
Dark Mode
Quiz Categories
Sports
Geography
Music
Movies
Television
Just For Fun
Miscellaneous
History
Literature
Language
Science
Gaming
Entertainment
Religion
Holiday
For Kids
Quiz Lab
Recent
Popular Today
Quiz Kudos Today
Editor Picks
Curator Picks
Quizzes by...
Day
Popularity
Type
Ratings
Length
Year
Community
Subscriptions
Recent Discussions
Orange Saloon
Badges
Playlists
Quests
Create
Leaderboards
Showdown
Live 5
Trivia Bingo
Activity
Puzzle Library
Sporcle Events
Private Events
Virtual Trivia
Globe League
Become a Host
Pub Owners
SporcleCon
Opinionation
Our Games
Videos
Blog
Mobile Apps
Partnerships
Remove Ads and Go Orange
Feedback
Music
Pop Music
The Beatles
Song
Album
Lyrics
Bands
Singers
Artist
Clip
Rock
Rap
Classical
Billboard
Country Music
Kpop
Taylor Swift
Music
Pop Music
The Beatles
Song
Album
Lyrics
Bands
Singers
Artist
Clip
Rock
Rap
Classical
Billboard
Country Music
Kpop
Taylor Swift
Random Quiz
Search Sporcle
×
Quiz Lab
Quiz Lab
Music
Bands
Type in answers that appear in a list
Type in answers that appear in a list
Classic
Best Score? Go Orange.
Guess the Band Stats
Can you name the Band?
By
jennypapiasta
10m
20 Questions
8 Plays
8 Plays
8 Plays
Comments
Comments
Give Quiz Kudos
Give Quiz Kudos
-
- Ratings
hide this ad
More Info
Replay
Link that replays current quiz
Next Quiz
Link to next quiz in quiz playlist
You Got
0%
They Got
Avg Score
24%
Avg Friend Score
Upgrade to see
Score Distribution
Jump to the score distribution portion of the page
Score
0/20
Timer
10:00
0
Plays Today
Song title
Band
% Correct
Before the Dawn, Like You, Together Again
Evanescence
50%
Speechless, Teeth, Brown Eyes
Lady Gaga
37.5%
The Valley, Never Enough, Our Destiny
Epica
25%
Now or Never, The Art of Loss, Spellbound
Stream of Passion
25%
Feel for You, Forever Yours, Ever Dream
Nightwish
25%
Perfect, Treasure, This Close
Flyleaf
25%
Lost, Sever, Pristine
Delain
25%
Devoted, Honeymoon Suite, Without a Reason
Lacuna Coil
25%
Meridian, Downfall, Beyond Lifes Scenery
Sirenia
25%
Burn, Don't Leave me Behind, Samhain
We Are the Fallen
25%
Song title
Band
% Correct
The Night all Angels Cry, The Promise, Why
Krypteria
25%
Love Hate/
Heartbreak, Dirty Work, Bet U Wish U Had Me Back
Halestorm
25%
Homecoming, Arizona, Candles
Hey Monday
25%
Consider the Sea, Whisperer, Past Praying For
VersaEmerge
25%
The Dream, Goodnight, Looking Glass
The Birthday Massacre
25%
Whispers in the Dark, Hero, Rebirthing
Skillet
25%
Irish Rain, Winters Poem, The Crossing
Leaves Eyes
12.5%
Closer to Death, Lost Innocence, Bring me to Heaven
Unsun
12.5%
World Under Ice, My Hardest Walk, Two Dreamers
Lunatica
12.5%
Swallow, Gothic Lolita, God Help Me
Emilie Autumn
12.5%
Quiz Playlist
Details
Report
Send in Message
Add To Playlist
More Info:
Guess the name of the band by the song titles
Classic:
Type in answers that appear in a list
Last Updated: Feb 16, 2017
Quiz Scoreboard
CHALLENGE
Sign Up to Join the Scoreboard
Show All
Scores
Hide
Comments
May contain spoilers
Recently Published
An Introduction to Baseball
by treessimontrees
Sports
5m
Movies - When Are They Set?
by FPL_Elf
Movies
5m
Popular People in 1961
by mucciniale
History
6m
More to Explore
Quiz From the Vault
Featured Blog Post
Where Did the Easter Bunny Come From?
hide this ad
You Might Also Like...
Tags
Bands Quiz
Song Quiz
Today's Top Quizzes in Music
Browse Music
hide this ad
Today's Top Quizzes in Bands
Browse Bands
Top Contributed Quizzes in Music
1
Taylor Swift All Songs (2024)
2
Guess the Artist- 70s Songs
3
One Thing in Common: Music
4
KPOP LOGIC QUIZ
5
2010s Album by Cover III
6
Taylor Swift Logic Puzzle
7
Guess the Taylor Swift song (Mystery Song)
8
7-to-1: Billboard Hot 100 #1 Hits of 2010s
9
2010s Album by Cover IV
10
2010s Album by Cover V
Explore More
Trending Topics
Kpop
Crossword
NBA
Marvel
Anime
Disney
Harry Potter
The Office
WWE
NFL
Country
Soccer
Song
Puzzle
Pokémon
hide this ad
More By:
jennypapiasta
Quiz
Plays
Rating
Category
Featured
Created
How well do you know Evanescence?
993
1.46
Music
Jul 17, 2010
Lacuna Coil lyrics
103
3.50
Music
Jul 17, 2010
Guess the Band
8
Music
Jul 18, 2010
Singer year of birth
7
1.00
Music
Jul 23, 2010
Go to Creator's Profile
Score Distribution
Quiz Creator Spotlight
jennypapiasta
Follow
Send a Message
Quizzes Created
-
Created Quiz Play Count
-
More By This Creator
Popular Quizzes Today
1
Find the Countries of Europe - No Outlines Minefield
2
Find the US States - No Outlines Minefield
3
The Countries of the World
4
Popular People in 1961
5
Find the US States
6
US States
7
1-10 Letter E Words III
8
Risky Map Clicking: Biggest States A-Z
More Music Quizzes
My Favorite Taylor Swift Lyrics
Quiz Lab
Trending Quizzes
Risky Map Clicking: Least Populous States A-Z
1-10 Letter F Words
1-10 Letter G Words
Not Quite an Element Typing Challenge
One Thing in Common: United Kingdom
Recently Updated
Leaping Animals
pecheneg
Reality TV Shows (A-Z)
bhenderson79
Rickey Henderson's Hall of Fame Teammates
pecheneg
Champions League XIs: Arsenal
pecheneg
Quick Pick: Celebrities in WWE's Hall of Fame
aduchscher
A-Z Keypad Blitz II
pecheneg
Multiple Oscar Actors
pecheneg
Mystery Phrase Blitz: Oscar 'Best Actors'
pecheneg
F. Scott Fitzgerald Novels
LTH
Pick 3 Villains
ddd62291
Trending Topics
Kpop
Disney
Harry Potter
NBA
Crossword
Anime
Marvel
The Office
Puzzle
Country
WWE
Soccer
NFL
Song
Pokémon
Your Account Isn't Verified!
In order to create a playlist on Sporcle, you need to verify the email address you used during registration. Go to your
Sporcle Settings
to finish the process.
Report this User
Report this user for behavior that violates our
Community Guidelines
.
Details:
Send Report
Go to the Sporcle.com Mobile Site →
Comments